[Event "20th Prague Open 2022"]
[Site "Prague"]
[Date "2022.01.13"]
[Round "8.10"]
[White "Koubova, Anna Marie"]
[Black "Bochnicka, Vladimir"]
[Result "1-0"]
[WhiteElo "2148"]
[BlackElo "2222"]
[Annotator "ChessBase"]
[PlyCount "61"]
[EventDate "2022.01.07"]
[EventType "swiss"]
[EventCountry "CZE"]
[SourceTitle "playchess.com"]
[Source "ChessBase"]
[SourceQuality "1"]
[TimeControl "40/5400+30:1800+30"]

1. d4 {[%emt 0:00:09]} f5 {[%emt 0:00:05]} 2. Nc3 {[%emt 0:00:16]} Nf6 {[%emt 0:00:17]} 3. Bg5 {[%emt 0:00:22]} e6 {[%emt 0:00:44]} 4. e4 {[%emt 0:00:47]} fxe4 {[%emt 0:02:34]} 5. Nxe4 {[%emt 0:00:51]} Be7 {[%emt 0:00:20]} 6. Bxf6 {[%emt 0:01:07]} Bxf6 {[%emt 0:00:12]} 7. Nf3 {[%emt 0:01:04]} O-O {[%emt 0:11:45]} 8. Bd3 {[%emt 0:08:56]} Nc6 {[%emt 0:11:15]} 9. Nxf6+ {[%emt 0:02:15]} Qxf6 {[%emt 0:00:44]} 10. O-O {[%emt 0:00:22]} b6 {[%emt 0:03:08]} 11. c3 {[%emt 0:06:54]} Bb7 {[%emt 0:04:23]} 12. Qc2 {[%emt 0:00:40]} g6 {[%emt 0:01:44]} 13. Be4 {[%emt 0:06:21]} d5 {[%emt 0:20:49]} 14. Bd3 {[%emt 0:00:38]} e5 {[%emt 0:00:10]} 15. Nxe5 {[%emt 0:01:56]} Nxe5 {[%emt 0:00:14]} 16. dxe5 {[%emt 0:00:09]} Qxe5 {[%emt 0:00:11]} 17. Rae1 {[%emt 0:02:06]} Qf6 {[%emt 0:00:54]} 18. Re3 {[%emt 0:07:45]} Rae8 {[%emt 0:04:14]} 19. Rfe1 {[%emt 0:19:37]} Qf7 {[%emt 0:07:38]} 20. h4 {[%emt 0:04:52]} Kg7 {[%emt 0:11:08]} 21. h5 {[%emt 0:02:35]} Bc6 {[%emt 0:02:42]} 22. hxg6 {[%emt 0:04:34]} hxg6 {[%emt 0:00:36]} 23. R1e2 {[%emt 0:00:51]} g5 {[%emt 0:08:57]} 24. Rh3 {[%emt 0:12:03]} Rh8 {[%emt 0:00:49]} 25. Qd2 {[%emt 0:02:50]} Qf6 {[%emt 0:02:06]} 26. Rxe8 {[%emt 0:03:03]} Bxe8 {[%emt 0:01:18]} 27. Rg3 {[%emt 0:02:10]} Kh6 {[%emt 0:00:25]} 28. Qe3 {[%emt 0:01:32]} Bd7 {[%emt 0:02:25]} 29. Rf3 {[%emt 0:01:14]} Qd6 {[%emt 0:00:46]} 30. Rf7 {[%emt 0:01:19]} c5 {[%emt 0:01:03]} 31. Qf3 {[%emt 0:03:36]} 1-0

[Event "20th Prague Open 2022"]
[Site "Prague"]
[Date "2022.01.13"]
[Round "8.11"]
[White "Jordanov, Mihail"]
[Black "Neuman, Petr"]
[Result "1/2-1/2"]
[WhiteElo "2193"]
[BlackElo "2402"]
[Annotator "ChessBase"]
[PlyCount "46"]
[EventDate "2022.01.07"]
[EventType "swiss"]
[EventCountry "CZE"]
[SourceTitle "playchess.com"]
[Source "ChessBase"]
[SourceQuality "1"]
[TimeControl "40/5400+30:1800+30"]

1. e4 {[%emt 0:00:04]} c5 {[%emt 0:00:05]} 2. Nf3 {[%emt 0:00:04]} d6 {[%emt 0:00:04]} 3. d4 {[%emt 0:00:06]} cxd4 {[%emt 0:00:03]} 4. Nxd4 {[%emt 0:00:06]} Nf6 {[%emt 0:00:04]} 5. Nc3 {[%emt 0:00:06]} Nc6 {[%emt 0:00:03]} 6. Bg5 {[%emt 0:00:05]} Bd7 {[%emt 0:00:05]} 7. Qd2 {[%emt 0:00:14]} Rc8 {[%emt 0:00:14]} 8. Nxc6 {[%emt 0:00:11]} bxc6 {[%emt 0:02:17]} 9. Bc4 {[%emt 0:04:13]} h6 {[%emt 0:02:45]} 10. Bxf6 {[%emt 0:01:51]} exf6 {[%emt 0:05:25]} 11. O-O {[%emt 0:09:43]} Be7 {[%emt 0:00:06]} 12. Qd3 {[%emt 0:05:24]} O-O {[%emt 0:01:09]} 13. f4 {[%emt 0:01:46]} f5 {[%emt 0:08:43]} 14. e5 {[%emt 0:04:35]} d5 {[%emt 0:05:10]} 15. Bb3 {[%emt 0:00:20]} Be6 {[%emt 0:00:11]} 16. Rad1 {[%emt 0:08:37]} Qb6+ {[%emt 0:02:22]} 17. Kh1 {[%emt 0:00:15]} Rfd8 {[%emt 0:00:10]} 18. Qe2 {[%emt 0:08:08]} a5 {[%emt 0:01:44]} 19. Na4 {[%emt 0:01:27]} Qb7 {[%emt 0:07:17]} 20. Rfe1 {[%emt 0:03:49]} c5 {[%emt 0:05:00]} 21. c4 {[%emt 0:05:46]} d4 {[%emt 0:00:37]} 22. Bc2 {[%emt 0:02:59]} g6 {[%emt 0:00:41]} 23. b3 {[%emt 0:01:02]} Kg7 {[%emt 0:02:43]} 1/2-1/2

[Event "20th Prague Open 2022"]
[Site "Prague"]
[Date "2022.01.13"]
[Round "8.12"]
[White "Blahynka, Martin"]
[Black "Kudrytskyi, Stanislav"]
[Result "1-0"]
[WhiteElo "2399"]
[BlackElo "2057"]
[Annotator "TA"]
[PlyCount "125"]
[EventDate "2022.01.07"]
[EventType "swiss"]
[EventCountry "CZE"]
[SourceTitle "playchess.com"]
[Source "ChessBase"]
[SourceQuality "1"]

{[%evp 9,125,9,28,-12,-1,-13,7,0,0,2,20,2,19,10,27,34,30,26,30,25,20,21,26,3,46,32,67,62,72,58,110,68,88,58,27,-1,96,-15,-25,-11,-14,-72,-72,-157,-122,-129,-135,-131,0,0,0,-49,-49,-57,-60,-227,0,-10,0,0,0,0,0,0,10,16,27,17,17,0,155,97,77,0,139,120,121,50,35,0,0,0,0,0,0,0,0,0,0,0,0,0,0,0,0,0,0,0,0,0,261,67,60,49,4133,3155,1267,1229,988,957,29962,889,29986,29986,29986,29987,29993,29993]} 1. c4 e5 2. Nc3 Bb4 3. Nd5 Bc5 4. e3 c6 5. Nc3 Nf6 6. a3 {A21: English Opening: 1...e5 2 Nc3.} d5 {[#]} 7. cxd5 $146 ({Predecessor:} 7. b4 Bd6 8. Nf3 O-O 9. Be2 a5 10. c5 axb4 11. cxd6 bxc3 12. dxc3 Qxd6 13. c4 {0-1 (48) Maggi,L (1906)-Napoli,N (2389) Frascati 2009}) 7... cxd5 8. d4 {The position is equal.} exd4 9. exd4 Be7 10. Bd3 O-O 11. Nge2 Na6 12. O-O Nc7 13. Bf4 Bd7 14. h3 Bc6 15. b4 a6 {Inhibits b5.} 16. Qb3 Qd7 (16... Bd6 $11 {is superior.}) 17. Rfe1 b5 18. Be5 Nfe8 19. Nf4 Rd8 (19... Bg5 $14) 20. Nce2 {White is much more active.} (20. a4 $16) 20... Nd6 (20... f6 $2 21. Qc2 $1 f5 22. Rac1 $18) 21. Qc2 g6 $1 22. Ng3 {[%cal Og3h5]} Nc4 {[#]} (22... Nce8 $11) 23. Nfh5 f5 $11 24. Nf4 Bd6 25. Bxc4 (25. Rad1 $11 {remains equal.}) 25... dxc4 $17 26. d5 ({Better is} 26. Rad1) 26... Bxd5 (26... Nxd5 27. Bxd6 Qxd6 28. Ne6 $15) 27. Rad1 {[#]} Bxe5 $1 28. Rxe5 Qg7 29. Rexd5 $11 Nxd5 30. Rxd5 (30. Nxd5 $11 Qf7 31. Nc3) 30... Rxd5 $15 31. Nxd5 Qe5 32. Nc3 {[#]} (32. Qd2 $1 $15) 32... Rd8 $2 (32... Qe1+ $1 $19 33. Kh2 Rd8) 33. Nge2 Rd3 34. a4 f4 35. axb5 axb5 36. f3 Qe3+ 37. Kf1 Qe5 (37... Rd2 38. Qb1 $16 (38. Qe4 Qxe4 39. fxe4 g5 $11)) 38. Qc1 g5 39. Qa1 Qe7 $2 (39... h5 $11) 40. Qa8+ ({White should play} 40. Nxb5 Qxb4 41. Nbc3) 40... Kg7 $16 41. Qa1 (41. Qb8 $142 Qe3 42. Qb7+ (42. Qxb5 Rxc3 43. Qxg5+ Kf7 $16) 42... Kg8 43. Qc8+ (43. Qxb5 Rxc3 44. Qxg5+ Kf7 $16) 43... Kg7 44. Qb7+ Kg8 45. Qxb5 Rxc3 46. Qxg5+ (46. Nxc3 Qc1+ 47. Kf2 Qe3+ 48. Kf1 Qc1+ 49. Kf2 Qe3+ 50. Kf1 $11) 46... Kf7 47. Qf5+ (47. Nxc3 Qc1+ 48. Nd1 Qxd1+ 49. Kf2 Qd2+ 50. Kf1 Qd1+ 51. Kf2 Qd2+ 52. Kf1 Qd1+ $11) 47... Kg8 48. Qg5+ (48. Nxc3 Qxc3 49. Qg4+ Kh8 $16) 48... Kf7 49. Qf5+ (49. Nxc3 Qc1+ 50. Kf2 Qe3+ 51. Kf1 Qc1+ 52. Nd1 Qxd1+ 53. Kf2 Qd2+ 54. Kf1 Qd1+ 55. Kf2 Qd2+ 56. Kf1 Qd1+ $11) 49... Kg7 50. Nxc3 (50. Qg5+ Kf7 $16) 50... Qxc3 51. Qg5+ (51. Qxf4 Qa1+ 52. Kf2 Qb2+ 53. Kg3 Qxb4 $16) 51... Kh8 52. Qxf4 Qxb4 53. Qd4+ Kg8 54. h4) 41... Kg8 $1 42. Ne4 {And now Kg1 would win.} Qxb4 43. Kg1 ({But not} 43. Nxg5 $2 Qa4 44. Qxa4 (44. Qe5 $2 Rd1+ 45. Kf2 Qa7+ 46. Nd4 Qxd4+ $19) 44... bxa4 $19) ({Don't take} 43. Nf6+ $6 Kf7 44. Ne4 (44. Ng4 Rd2 $11) 44... Qe7 $14) (43. N2c3 $16) 43... Qe7 $1 $14 44. Qa6 {[%mdl 1024] White has compensation.} Qe5 45. Kh2 {Hoping for Qh6.} Kg7 {To avoid Qh6+} 46. Qb7+ Kg8 47. Qa8+ Kg7 48. Qa7+ Kg8 49. Qa5 h5 50. Qa8+ Kg7 51. Qb7+ Kg8 52. Qc8+ Kg7 53. h4 gxh4 54. Ng1 {Really sharp!} Qe7 {[%mdl 8192] Prevents Qb7.} (54... Rd4 $11 {and Black is okay.} 55. Qb7+ Kh8 56. Qc8+ Kh7 57. Qb7+ Kg8 58. Qc8+ Kh7 59. Qb7+ Kg8 60. Qc8+ Kh7) 55. Nh3 $2 (55. Qc6 $18) 55... Rd5 $1 56. Nxf4 {Pair of Knights!} Qe5 $2 {[%mdl 8192]} (56... Re5 $14) 57. Qb7+ $18 Kf8 58. Qxd5 Qxf4+ 59. Kh3 Qb8 60. Qf5+ (60. Qc5+ $142 Ke8 61. Qxh5+ Ke7 62. Qc5+ Ke6 63. Kg4 Qg8+ 64. Ng5+ Kd7 65. Qxb5+ Kd6 66. Kxh4) 60... Ke7 61. Qf6+ {White mates.} Kd7 62. Nc5+ Ke8 63. Qh8+ {Weighted Error Value: White=0.30/Black=0.51} 1-0

[Event "20th Prague Open 2022"]
[Site "Prague"]
[Date "2022.01.13"]
[Round "8.13"]
[White "Cornelisse, John"]
[Black "Fus, Jakub"]
[Result "0-1"]
[WhiteElo "2173"]
[BlackElo "2384"]
[Annotator "TA"]
[PlyCount "56"]
[EventDate "2022.01.07"]
[EventType "swiss"]
[EventCountry "CZE"]
[SourceTitle "playchess.com"]
[Source "ChessBase"]
[SourceQuality "1"]

{[%evp 15,56,33,34,22,29,24,18,32,25,-15,54,43,50,51,58,46,72,0,0,0,0,0,0,-68,-62,-64,-53,-48,-52,-52,-57,-57,-39,-40,19,-158,-145,-442,-433,-440,-420,-399,-395]} 1. d4 Nf6 2. c4 e6 3. Nc3 Bb4 4. e3 O-O 5. Bd3 c5 6. Nf3 {[%cal Bg1f3,Bf3d2,Bd2f1,Bf1e3,Be3g2][%mdl 32]} Nc6 7. O-O Bxc3 {7...Bxc3 scores better than 7...d5.} 8. bxc3 d6 9. Re1 {E41: Nimzo-Indian: Rubinstein: 4...c5 5 Bd3, including Hübner Variation.} e5 {[#] Strongly threatening ...e4.} 10. d5 Ne7 {And now ...e4 would win.} 11. Nd2 {To avoid e4. The position is equal.} Ng6 12. g3 Re8 (12... h6 $11) 13. e4 $14 {[#]} h6 $146 ({Predecessor:} 13... Bg4 14. f3 Bh3 15. Rb1 Qd7 16. Nf1 h5 17. Ne3 Nh7 18. Rb2 Rf8 19. Rf2 Rae8 {1-0 (42) Kovacs,G (2461)-Kvetny,M (2245) Germany 2012}) 14. Nf1 Nh7 15. Ne3 Ne7 16. f4 (16. a4 $16) 16... exf4 $11 17. gxf4 Ng6 $1 18. Ng2 {[%cal Oe4e5]} Qf6 {Inhibits e5.} 19. Qc2 ({White should play} 19. Rf1 $11) 19... Bh3 $15 {aiming for ...Bxg2.} 20. Rf1 Nhf8 {Black is more active.} 21. Rf2 Nh4 22. Nxh4 Qxh4 23. Be3 Nd7 24. Rf3 Nf6 (24... f5 $15) 25. Kh1 $2 {[#]} (25. Bf2 $1 $11 Qh5 26. Rg3) 25... Bg4 26. Rff1 {[%mdl 8192]} (26. Rg3 $17 b5 27. Rag1 (27. cxb5 c4 $17) 27... bxc4 28. Be2 Rxe4 29. Bxg4 Rxe3 30. Rxe3 Nxg4 31. Reg3) 26... Qh3 $19 27. Rae1 Bf3+ 28. Rxf3 Qxf3+ {Weighted Error Value: White=0.40/Black=0.15 (very precise)} 0-1

[Event "20th Prague Open 2022"]
[Site "Prague"]
[Date "2022.01.13"]
[Round "8.14"]
[White "Grutter, Tim"]
[Black "Acor, Corey"]
[Result "1/2-1/2"]
[WhiteElo "2194"]
[BlackElo "2303"]
[Annotator "ChessBase"]
[PlyCount "73"]
[EventDate "2022.01.07"]
[EventType "swiss"]
[EventCountry "CZE"]
[SourceTitle "playchess.com"]
[Source "ChessBase"]
[SourceQuality "1"]
[TimeControl "40/5400+30:1800+30"]

1. e4 {[%emt 0:00:02]} e5 {[%emt 0:03:37]} 2. Nf3 {[%emt 0:00:07]} Nc6 {[%emt 0:00:05]} 3. Bb5 {[%emt 0:00:05]} a6 {[%emt 0:01:41]} 4. Ba4 {[%emt 0:00:07]} Nf6 {[%emt 0:00:38]} 5. O-O {[%emt 0:00:06]} Nxe4 {[%emt 0:00:12]} 6. d4 {[%emt 0:02:15]} b5 {[%emt 0:00:14]} 7. Bb3 {[%emt 0:00:13]} d5 {[%emt 0:00:11]} 8. dxe5 {[%emt 0:00:11]} Be6 {[%emt 0:00:06]} 9. c3 {[%emt 0:02:59]} Bc5 {[%emt 0:00:14]} 10. Qd3 {[%emt 0:07:56]} O-O {[%emt 0:08:02]} 11. Nbd2 {[%emt 0:05:12]} Nxf2 {[%emt 0:11:24]} 12. Rxf2 {[%emt 0:02:08]} Bxf2+ {[%emt 0:00:08]} 13. Kxf2 {[%emt 0:00:13]} f6 {[%emt 0:00:23]} 14. exf6 {[%emt 0:07:08]} Qxf6 {[%emt 0:00:22]} 15. Kg1 {[%emt 0:15:01]} Rad8 {[%emt 0:01:19]} 16. h3 {[%emt 0:10:13]} Bf5 {[%emt 0:14:50]} 17. Qe2 {[%emt 0:02:29]} h6 {[%emt 0:03:25]} 18. Ne4 {[%emt 0:07:38]} Qg6 {[%emt 0:15:36]} 19. Nh4 {[%emt 0:04:40]} Qe6 {[%emt 0:05:09]} 20. Ng3 {[%emt 0:11:05]} Qxe2 {[%emt 0:04:55]} 21. Nxe2 {[%emt 0:00:03]} Bd3 {[%emt 0:00:17]} 22. Nf4 {[%emt 0:00:56]} Bc4 {[%emt 0:02:28]} 23. Nhg6 {[%emt 0:02:45]} Rf6 {[%emt 0:02:22]} 24. Be3 {[%emt 0:03:02]} Rdd6 {[%emt 0:08:13]} 25. Bc2 {[%emt 0:04:14]} d4 {[%emt 0:00:07]} 26. cxd4 {[%emt 0:00:36]} Nxd4 {[%emt 0:00:20]} 27. Bxd4 {[%emt 0:00:21]} Rxd4 {[%emt 0:00:02]} 28. Re1 {[%emt 0:01:31]} Rdxf4 {[%emt 0:12:38]} 29. Re8+ {[%emt 0:03:27]} Rf8 {[%emt 0:00:02]} 30. Ne7+ {[%emt 0:01:28]} Kh8 {[%emt 0:00:13]} 31. Ng6+ {[%emt 0:00:10]} Kg8 {[%emt 0:00:03]} 32. Nxf8 {[%emt 0:01:10]} Rxf8 {[%emt 0:00:40]} 33. Bh7+ {[%emt 0:00:08]} Kf7 {[%emt 0:00:26]} 34. Bg6+ {[%emt 0:00:12]} Kg8 {[%emt 0:00:11]} 35. Bh7+ {[%emt 0:00:39]} Kf7 {[%emt 0:00:02]} 36. Bg6+ {[%emt 0:00:09]} Kg8 37. Re1 1/2-1/2

[Event "20th Prague Open 2022"]
[Site "Prague"]
[Date "2022.01.13"]
[Round "8.15"]
[White "Unneland, Mathias"]
[Black "Azhar, Puteri Munajjah Az-Z"]
[Result "1-0"]
[WhiteElo "2262"]
[BlackElo "2052"]
[Annotator "TA"]
[PlyCount "51"]
[EventDate "2022.01.07"]
[EventType "swiss"]
[EventCountry "CZE"]
[SourceTitle "playchess.com"]
[Source "ChessBase"]
[SourceQuality "1"]

{[%evp 12,51,70,76,75,66,68,70,68,75,159,176,206,203,199,113,404,81,80,85,71,95,748,750,741,731,741,745,700,677,650,294,800,783,1635,1615,1454,1463,2054,1995,1769,1294]} 1. e4 e5 2. Nf3 Nc6 3. Bc4 d6 4. d4 exd4 5. Nxd4 Nxd4 6. Qxd4 Qf6 7. Qd3 Qg6 {C45: Scotch Game.} 8. O-O Nf6 9. Nc3 Be7 {White is slightly better.} 10. f4 {[%cal Bf2f4,Bf4f5][%mdl 32] [#]} h5 $146 (10... Qh5 $142) ({Predecessor:} 10... Bd7 11. a4 a6 12. Bd2 h5 13. f5 Qh7 14. Nd5 Bd8 15. Bc3 O-O 16. Bxf6 gxf6 {1-0 (35) Haraldsson,O (1733)-Sigurvaldason,H (1491) Reykjavik 2018}) 11. f5 $16 Qh7 12. Nb5 Bd8 13. Bg5 (13. e5 $1 $18 {[%cal Re5f6]} dxe5 14. Bg5) 13... a6 $2 {[%mdl 8192] [#]} (13... Bd7 $16 {might work better.}) 14. e5 $2 axb5 15. Bxb5+ ({Don't blunder} 15. exf6 $2 bxc4 16. Rae1+ Kd7 $19) 15... Nd7 16. exd6 {White is much more active. Black has bad knights.} Bxg5 $4 {[%mdl 8192] [#]} (16... O-O $16 17. Bxd8 c6) 17. Rae1+ $1 $18 Kd8 18. dxc7+ Kxc7 {[#]} 19. Qg3+ $1 Kd8 20. Qxg5+ f6 21. Qe3 (21. Qd2 $142) 21... g5 $2 (21... Qg8 22. Rd1 Kc7) 22. fxg6 {White is clearly winning.} Qg7 23. Rd1 {Qb6+ would kill now.} Kc7 {Inhibits Qb6+.} 24. Qe6 {White threatens Qd6+ and mate.} Ra6 {Inhibits Qd6+.} 25. Bxa6 bxa6 26. Rf3 {Weighted Error Value: White=0.82/Black=0.52} 1-0

[Event "20th Prague Open 2022"]
[Site "Prague"]
[Date "2022.01.13"]
[Round "8.16"]
[White "Ronce, Nathan"]
[Black "Macicek, Jakub"]
[Result "1/2-1/2"]
[WhiteElo "2171"]
[BlackElo "2250"]
[Annotator "ChessBase"]
[PlyCount "139"]
[EventDate "2022.01.07"]
[EventType "swiss"]
[EventCountry "CZE"]
[SourceTitle "playchess.com"]
[Source "ChessBase"]
[SourceQuality "1"]
[TimeControl "40/5400+30:1800+30"]

1. d4 {[%emt 0:10:21]} Nf6 {[%emt 0:00:20]} 2. c4 {[%emt 0:00:09]} e6 {[%emt 0:00:07]} 3. Nf3 {[%emt 0:00:12]} d5 {[%emt 0:01:29]} 4. Nc3 {[%emt 0:00:39]} Be7 {[%emt 0:02:45]} 5. Bf4 {[%emt 0:00:30]} O-O {[%emt 0:01:15]} 6. e3 {[%emt 0:00:36]} c6 {[%emt 0:01:01]} 7. Bd3 {[%emt 0:02:51]} Nbd7 {[%emt 0:08:50]} 8. c5 {[%emt 0:00:42]} Nh5 {[%emt 0:08:00]} 9. O-O {[%emt 0:05:26]} Nxf4 {[%emt 0:00:08]} 10. exf4 {[%emt 0:00:05]} b6 {[%emt 0:01:38]} 11. b4 {[%emt 0:01:50]} a5 {[%emt 0:00:17]} 12. a3 {[%emt 0:00:49]} Ba6 {[%emt 0:01:09]} 13. Bxa6 {[%emt 0:11:17]} Rxa6 {[%emt 0:01:32]} 14. Qd3 {[%emt 0:01:25]} b5 {[%emt 0:07:46]} 15. Rfb1 {[%emt 0:10:49]} a4 {[%emt 0:01:23]} 16. Re1 {[%emt 0:04:08]} Bf6 {[%emt 0:02:23]} 17. Ne5 {[%emt 0:03:22]} Qc7 {[%emt 0:02:09]} 18. g3 {[%emt 0:09:13]} Raa8 {[%emt 0:03:45]} 19. h4 {[%emt 0:01:55]} g6 {[%emt 0:09:51]} 20. Re2 {[%emt 0:06:43]} Bg7 {[%emt 0:00:38]} 21. Rae1 {[%emt 0:00:38]} Rae8 {[%emt 0:00:50]} 22. h5 {[%emt 0:08:55]} Bxe5 {[%emt 0:23:25]} 23. dxe5 {[%emt 0:00:59]} Kh8 {[%emt 0:07:34]} 24. Qd4 {[%emt 0:07:48]} Kg7 {[%emt 0:01:13]} 25. Kg2 {[%emt 0:01:26]} Rg8 {[%emt 0:00:29]} 26. Nb1 {[%emt 0:05:15]} Kf8 {[%emt 0:00:18]} 27. Nd2 {[%emt 0:00:28]} Ke7 {[%emt 0:00:32]} 28. Nf3 {[%emt 0:00:24]} Kd8 {[%emt 0:01:27]} 29. Rh1 {[%emt 0:00:54]} Nf8 {[%emt 0:00:48]} 30. Ree1 {[%emt 0:01:42]} Kc8 {[%emt 0:00:23]} 31. hxg6 {[%emt 0:00:33]} fxg6 {[%emt 0:00:30]} 32. Rh6 {[%emt 0:00:17]} Rg7 {[%emt 0:00:23]} 33. Reh1 {[%emt 0:00:23]} Kb7 {[%emt 0:00:24]} 34. Ng5 {[%emt 0:00:46]} Ree7 {[%emt 0:00:30]} 35. Kf1 {[%emt 0:00:47]} Ka6 {[%emt 0:00:16]} 36. Ke2 {[%emt 0:00:22]} Kb7 {[%emt 0:00:04]} 37. Kd2 {[%emt 0:01:47]} Qd7 {[%emt 0:00:06]} 38. Kc3 {[%emt 0:00:12]} Qc7 {[%emt 0:00:16]} 39. Rd1 {[%emt 0:00:12]} Ka6 {[%emt 0:00:18]} 40. Rdh1 {[%emt 0:00:33]} Kb7 {[%emt 0:00:16]} 41. Kb2 {[%emt 0:30:06]} Ka6 {[%emt 0:30:24]} 42. R1h4 {[%emt 0:00:41]} Kb7 {[%emt 0:00:58]} 43. Nf3 {[%emt 0:00:00]} Qd7 {[%emt 0:00:00]} 44. Rh1 {[%emt 0:00:00]} Ref7 {[%emt 0:00:00]} 45. Qe3 {[%emt 0:00:00]} Qe8 {[%emt 0:00:00]} 46. Kc2 {[%emt 0:00:00]} Rc7 {[%emt 0:00:00]} 47. Ng5 {[%emt 0:00:00]} Rce7 {[%emt 0:00:00]} 48. Qd4 {[%emt 0:00:00]} Rc7 {[%emt 0:00:00]} 49. Kd2 {[%emt 0:00:00]} Rce7 {[%emt 0:00:00]} 50. Ke2 {[%emt 0:00:00]} Rc7 {[%emt 0:00:00]} 51. Kf1 {[%emt 0:00:00]} Rce7 {[%emt 0:00:00]} 52. Kg2 {[%emt 0:00:00]} Rc7 {[%emt 0:00:00]} 53. Rd1 {[%emt 0:00:00]} Rce7 {[%emt 0:00:00]} 54. Qe3 {[%emt 0:00:00]} Rc7 {[%emt 0:00:00]} 55. g4 {[%emt 0:00:00]} Rce7 {[%emt 0:00:00]} 56. Nf3 {[%emt 0:00:00]} Rc7 {[%emt 0:00:00]} 57. g5 {[%emt 0:00:42]} Rce7 {[%emt 0:00:00]} 58. Rc1 {[%emt 0:01:34]} Kb8 {[%emt 0:00:00]} 59. Nd4 {[%emt 0:00:30]} Rb7 {[%emt 0:00:00]} 60. Nf3 {[%emt 0:02:02]} Rbe7 {[%emt 0:00:00]} 61. Nh2 {[%emt 0:00:11]} Qd7 {[%emt 0:00:00]} 62. Rd1 {[%emt 0:00:14]} Qc7 {[%emt 0:00:00]} 63. Ng4 {[%emt 0:00:05]} Kb7 {[%emt 0:00:00]} 64. Nf6 {[%emt 0:00:05]} Kb8 {[%emt 0:00:28]} 65. Rd4 {[%emt 0:00:13]} Kb7 {[%emt 0:00:22]} 66. Rh1 {[%emt 0:00:49]} Ka6 {[%emt 0:01:33]} 67. Qh3 {[%emt 0:00:10]} Kb7 {[%emt 0:00:15]} 68. Qh6 {[%emt 0:01:58]} Ka7 {[%emt 0:00:24]} 69. Rhd1 {[%emt 0:00:07]} Kb7 {[%emt 0:00:12]} 70. Rh1 {[%emt 0:00:47]} 1/2-1/2

[Event "20th Prague Open 2022"]
[Site "Prague"]
[Date "2022.01.13"]
[Round "8.19"]
[White "Goossens, Hanne"]
[Black "Matras, Ondrej"]
[Result "0-1"]
[WhiteElo "2133"]
[BlackElo "2223"]
[Annotator "ChessBase"]
[PlyCount "96"]
[EventDate "2022.01.07"]
[EventType "swiss"]
[EventCountry "CZE"]
[SourceTitle "playchess.com"]
[Source "ChessBase"]
[SourceQuality "1"]
[TimeControl "40/5400+30:1800+30"]

1. e4 {[%emt 0:00:06]} e6 {[%emt 0:00:00]} 2. d4 {[%emt 0:00:15]} d5 {[%emt 0:00:00]} 3. Nd2 {[%emt 0:00:12]} a6 {[%emt 0:00:00]} 4. Ngf3 {[%emt 0:00:54]} c5 {[%emt 0:00:00]} 5. dxc5 {[%emt 0:04:48]} Bxc5 {[%emt 0:00:00]} 6. Bd3 {[%emt 0:00:58]} Nf6 {[%emt 0:00:00]} 7. Qe2 {[%emt 0:02:55]} Be7 {[%emt 0:02:51]} 8. exd5 {[%emt 0:04:09]} exd5 {[%emt 0:00:08]} 9. Nd4 {[%emt 0:03:30]} O-O {[%emt 0:01:20]} 10. Nf5 {[%emt 0:01:53]} Re8 {[%emt 0:01:04]} 11. O-O {[%emt 0:01:09]} Bf8 {[%emt 0:02:29]} 12. Qf3 {[%emt 0:04:53]} Nc6 {[%emt 0:01:23]} 13. Nb3 {[%emt 0:06:41]} Ne5 {[%emt 0:06:54]} 14. Qg3 {[%emt 0:02:18]} Kh8 {[%emt 0:00:36]} 15. Bg5 {[%emt 0:02:13]} Nxd3 {[%emt 0:04:11]} 16. Qxd3 {[%emt 0:00:24]} Qd7 {[%emt 0:01:29]} 17. Ne3 {[%emt 0:04:23]} Ne4 {[%emt 0:02:32]} 18. Bf4 {[%emt 0:03:09]} g5 {[%emt 0:04:11]} 19. Bg3 {[%emt 0:04:42]} f5 {[%emt 0:00:12]} 20. Nxd5 {[%emt 0:10:04]} f4 {[%emt 0:03:43]} 21. Rae1 {[%emt 0:04:29]} fxg3 {[%emt 0:03:38]} 22. Rxe4 {[%emt 0:01:47]} gxh2+ {[%emt 0:00:48]} 23. Kxh2 {[%emt 0:03:40]} Qd6+ {[%emt 0:01:06]} 24. Kg1 {[%emt 0:04:57]} Bf5 {[%emt 0:02:08]} 25. Rxe8 {[%emt 0:04:20]} Bxd3 {[%emt 0:00:11]} 26. Rxa8 {[%emt 0:00:07]} Bxf1 {[%emt 0:00:10]} 27. Kxf1 {[%emt 0:00:07]} Qxd5 {[%emt 0:00:14]} 28. Rxf8+ {[%emt 0:00:26]} Kg7 {[%emt 0:00:02]} 29. Re8 {[%emt 0:00:39]} Qd1+ {[%emt 0:00:43]} 30. Re1 {[%emt 0:00:06]} Qxc2 {[%emt 0:00:18]} 31. Kg1 {[%emt 0:03:31]} Qxb2 {[%emt 0:00:25]} 32. Re7+ {[%emt 0:00:09]} Kg6 {[%emt 0:00:41]} 33. Rxb7 {[%emt 0:00:08]} Qxa2 {[%emt 0:00:17]} 34. f3 {[%emt 0:05:03]} a5 {[%emt 0:00:46]} 35. Rb6+ {[%emt 0:00:15]} Kf7 {[%emt 0:00:27]} 36. Rb7+ {[%emt 0:00:21]} Ke8 {[%emt 0:00:17]} 37. Nxa5 {[%emt 0:00:42]} Qxa5 {[%emt 0:01:32]} 38. Rxh7 {[%emt 0:00:07]} Qb6+ {[%emt 0:00:59]} 39. Kh2 {[%emt 0:00:26]} Qb8+ {[%emt 0:03:44]} 40. g3 {[%emt 0:12:59]} Qe5 {[%emt 0:00:29]} 41. Rh5 {[%emt 0:34:57]} Kf7 {[%emt 0:30:47]} 42. Kh3 {[%emt 0:00:00]} Qf5+ {[%emt 0:31:28]} 43. Kg2 {[%emt 0:00:00]} Qc2+ {[%emt 0:00:02]} 44. Kh3 {[%emt 0:00:00]} Kg6 {[%emt 0:00:13]} 45. Rh8 {[%emt 0:00:00]} Qd1 {[%emt 0:00:11]} 46. Rg8+ {[%emt 0:00:00]} Kh6 {[%emt 0:00:37]} 47. Rh8+ {[%emt 0:00:00]} Kg7 {[%emt 0:00:14]} 48. Rh5 {[%emt 0:00:00]} Kg6 {[%emt 0:00:04]} 0-1